| 000 | 00848 a2200193 4500 | ||
|---|---|---|---|
| 003 | Nust | ||
| 005 | 20170207154102.0 | ||
| 040 | _cNust | ||
| 082 | _a001.03 | ||
| 100 | _aSir John Hammerton | ||
| 245 |
_aEncyclopedia of modern knowledge _cSir John Hammerton(Ed) |
||
| 250 | _bVol 5 | ||
| 260 |
_aLondon _bThe amalgamated press ltd |
||
| 300 | _a584 pages | ||
| 500 | _aEncyclopedia | ||
| 505 | _a1.Anthropology (page 2337)2.Archaeology(page 2525)3.Architecture(page 2361)4.Astronomy(page 2389)5.Biology(page 2713)6.Economics(page 2433)7.Engineering(page 2501)8.Fine Arts(page 2395)9.Geography(page 2729)10.Geology(page 2613)11.Literature(page 2313)12.Science:History(page 2349)13.Sexology(page 2460)14.Social life:ancient(page 2323)15.Social life :Modern(page 2375) | ||
| 538 | _aAlmirah No.19 Shelf No.1 | ||
| 650 | _aEncyclopedia of modern knowledge | ||
| 942 | _cREF | ||
| 999 |
_c193629 _d193629 |
||